Report of the sustainable fisheries livelihoods programme (GCP/INT/735/UK) and FAO advisory committee on fisheries research joint working party on poverty in small-scale fisheries: Prômting the contribution of the sustainable livehoods approach and the Code of conduct for responssible fisheries in poverty alleviation, Rome, 10 - 12 April 2002
Shranjeno v:
| Glavni avtor: | |
|---|---|
| Format: | Knjiga |
| Jezik: | Undetermined |
| Izdano: |
Rome, Italy
FAO
2002
|
| Teme: | |
| Oznake: |
Označite
Brez oznak, prvi označite!
|
| Thư viện lưu trữ: | Trung tâm Học liệu Trường Đại học Cần Thơ |
|---|
| LEADER | 00728nam a2200169Ia 4500 | ||
|---|---|---|---|
| 001 | CTU_54975 | ||
| 008 | 210402s9999 xx 000 0 und d | ||
| 082 | |a 639 | ||
| 082 | |b R248/No.678 | ||
| 100 | |a FAO | ||
| 245 | 0 | |a Report of the sustainable fisheries livelihoods programme (GCP/INT/735/UK) and FAO advisory committee on fisheries research joint working party on poverty in small-scale fisheries: Prômting the contribution of the sustainable livehoods approach and the Code of conduct for responssible fisheries in poverty alleviation, Rome, 10 - 12 April 2002 | |
| 245 | 0 | |c FAO | |
| 260 | |a Rome, Italy | ||
| 260 | |b FAO | ||
| 260 | |c 2002 | ||
| 650 | |a fishery | ||
| 980 | |a Trung tâm Học liệu Trường Đại học Cần Thơ | ||